Nothing Happens-Album (Wallows) - Statistics

General Stats
  • This quiz has been taken 25 times
  • The average score is 9 of 11
Answer Stats
Hint Answer % Correct
4. (Feat. Clairo) Are You Bored Yet?
100%
5. Scrawny
100%
2. Treacherous Doctor
95%
11. Do Not Wait
91%
6. Ice Cold Pool
91%
9. Remember When
91%
1. Only Friend
86%
3. Sidelines
82%
7. Worlds Apart
68%
8. What You Like
64%
10. I'm Full
59%
No matching quizzes found
Score Distribution
Percent of People with Each Score
Percentile by Number Answered
Your Score History
You have not taken this quiz